| 000 | 00406nam a2200157Ia 4500 | ||
|---|---|---|---|
| 003 | GCL | ||
| 008 | 140319s9999 xx 000 0 eng d | ||
| 040 |
_aGCL / _cGCL |
||
| 082 | 0 | 4 |
_a759 _bT C |
| 100 | 1 | _aTUCHMAN, MAURICE | |
| 245 | 1 | 0 |
_aCHAIM SOUTINE / _cTUCHMAN, MAURICE |
| 260 |
_a[S.N] : _bBENEDIKT TASCHEN ، _c1993 |
||
| 650 | 0 | 4 | _aSOUTINE, CHAIM (1843-1943) |
| 650 | 0 | 4 | _aPAINTING |
| 942 |
_2ddc _cBK |
||
| 999 |
_c22132 _d22132 |
||